Rajnaitik tatta aru rajniti bigyanar mul dharanahomuh. (Record no. 547)

MARC details
000 -LEADER
fixed length control field 00535cam a2200181ua 4500
008 - FIXED-LENGTH DATA ELEMENTS--GENERAL INFORMATION
fixed length control field 110409n ii |||gr||||Z||||||eng
040 ## - CATALOGING SOURCE
Transcribing agency MAIN
082 ## - DEWEY DECIMAL CLASSIFICATION NUMBER
Classification number 320.011
245 ## - TITLE STATEMENT
Title Rajnaitik tatta aru rajniti bigyanar mul dharanahomuh.
Statement of responsibility, etc. By Apurba Kumar Boruah.
250 ## - EDITION STATEMENT
Edition statement 1st.
260 ## - PUBLICATION, DISTRIBUTION, ETC.
Place of publication, distribution, etc. Gowahati.:
Name of publisher, distributor, etc. Purbanchal prakashan.,989.
300 ## - PHYSICAL DESCRIPTION
Extent 252 p.:2 cm.
700 ## - ADDED ENTRY--PERSONAL NAME
Personal name Boruah, Apurba Kumar.,
Relator term
942 ## - ADDED ENTRY ELEMENTS (KOHA)
Koha item type Books
653 ## - INDEX TERM--UNCONTROLLED
Uncontrolled term Political science.
653 ## - INDEX TERM--UNCONTROLLED
Uncontrolled term Rajnaitik tatta aru rajniti bigyanor dharana homuh.
Holdings
Withdrawn status Lost status Damaged status Not for loan Home library Current library Shelving location Date acquired Total Checkouts Full call number Barcode Date last seen Copy number Price effective from Koha item type
        Naharkatiya College Library Naharkatiya College Library   19/09/2020   320.011 | BOR 349 19/09/2020 1 19/09/2020 Books
        Naharkatiya College Library Naharkatiya College Library   19/09/2020   320.011 | BOR 350 19/09/2020 2 19/09/2020 Books

Naharkatiya College © 2020. All rights reserved.

Powered By